000 00708nam a22002057a 4500
999 _c17489
_d17489
003 AR-CdUCM
008 190508b ||||| |||| 00| 0 spa d
040 _aMUNICIPALIDAD PROVINCIAL DEL CUSCO
_cBIBLIOTECA MUNICIPAL DEL CUSCO
082 _a920 /
_bK18
100 _aKalbermatter, Pedro
_937531
245 _a20 años como misionero entre los indios del Perú :
_b(Apuntes autobiográficos) /
260 _aArgentina :
_bNueva impresora,
_c1950.
300 _a257 páginas ;
_c18 cm.
505 _aContenido : 20 años como misionero entre los indios del Perú.
650 _aHistoria
_9136
650 _aAutobiografía
_92301
650 _aIndios
_9631
942 _2ddc
_cLIBROS
945 _arah
_d08/05/2019